Charles X et moi : Paris - Prague en 1833 /

Hlavní autor: Chateaubriand, François-René de, 1768-1848
Jazyk: Francouzština
Vydáno: Paris : Montsouris, 1944
Edice: Collection Dauphine
Fyzický popis: 95 s.
Knihy
Uloženo v:
LEADER 00730nam a22002292a 4500
001 000976366
003 CZ BrMZK
005 20100505102620.0
007 ta
008 091109s1944 fr er|||||||||||fre d
040 |a BOA001  |b cze 
100 1 |a Chateaubriand, François-René de,  |d 1768-1848  |7 ola2002112613  |4 aut 
245 1 0 |a Charles X et moi :  |b Paris - Prague en 1833 /  |c François-René de Chateaubriand 
260 |a Paris :  |b Montsouris,  |c 1944 
300 |a 95 s. 
490 1 |a Collection Dauphine ;  |v série verte 32 
830 0 |a Collection Dauphine 
910 |a BOA001  |b 1-0328.614 
990 |a BK 
993 |a Y 
991 |b 200911 
996 7 |b 2619395601  |c 1-0328.614  |l MZK  |r Sklad / do 1 hodiny  |n 0  |w 000976366  |u 000010  |a 1  |e BOA001  |j MZK50  |s A